| 000 | 00660nam a2200241 i 4500 | ||
|---|---|---|---|
| 001 | 7643 | ||
| 003 | ES-MaACL | ||
| 005 | 20230906145302.0 | ||
| 007 | t| | ||
| 008 | 910320s1989 sp |||| |aspa d | ||
| 020 | _a84-406-0595-1 | ||
| 080 | _a61:929 Levi-Montalcini, Rita | ||
| 100 | 1 |
_aLevi-Montalcini, Rita. _971959 |
|
| 245 | 1 | 0 |
_aElogio de la imperfección / _cRita Levi-Montalcini. |
| 250 | _a1ª ed. | ||
| 260 |
_aBarcelona : _bEdiciones B, _c1989. |
||
| 300 |
_a229, [3] p. ; _c21 cm. |
||
| 490 | 1 | _aDocumentos | |
| 600 | 1 | 4 |
_aLevi-Montalcini, Rita. _971959 |
| 830 | 0 |
_aDocumentos _9177791 |
|
| 852 |
_aES-MaACL _jL-14945 |
||
| 999 |
_c7643 _d7643 |
||